[Event "GER-chT9 LI-22 Br02 email"]
[Site "GER email"]
[Date "2011.10.17"]
[Round "?"]
[White "Fichtner, Bernd"]
[Black "Blank, Wolfgang"]
[Result "0-1"]
[WhiteElo "2038"]
[BlackElo "2223"]
[PlyCount "130"]
[EventDate "2011.10.23"]
[EventType "tourn (corr)"]
[EventRounds "8"]
[EventCountry "GER"]
[SourceTitle "Corr 2015"]
[Source "ChessBase"]
[SourceDate "2015.07.17"]
[SourceVersion "1"]
[SourceVersionDate "2015.07.17"]
[SourceQuality "1"]

1. d4 d5 2. Nf3 Nf6 3. c4 c6 4. Nc3 e6 5. e3 Nbd7 6. Bd3 dxc4 7. Bxc4 b5 8. Bd3 a6 9. e4 c5 10. d5 Qc7 11. 0-0 Bb7 12. dxe6 fxe6 13. Bc2 Bd6 14. Ng5 Nf8 15. f4 0-0-0 16. Qe1 e5 17. f5 h6 18. Nf3 N8d7 19. Bd2 Qc6 20. Be3 c4 21. Rd1 Nc5 22. b3 cxb3 23. axb3 Ncxe4 24. Nxe4 Nxe4 25. Bxe4 Qxe4 26. Bb6 Rd7 27. Qg3 Qxf5 28. Nh4 Qe6 29. Nf5 Bf8 30. Qc3+ Kb8 31. Rxd7 Qxd7 32. Qxe5+ Ka8 33. Bf2 Qc6 34. Nh4 Bd6 35. Qxg7 Rc8 36. Nf3 Bb8 37. b4 Qd6 38. Bc5 Ba7 39. Bxa7 Kxa7 40. Rb1 Rc2 41. Ne1 Re2 42. h3 Qf4 43. Nf3 h5 44. Kh1 h4 45. Qc3 Qe3 46. Qg7 Rc2 47. Qf6 Rf2 48. Rb3 Rf1+ 49. Kh2 Qg1+ 50. Nxg1 Rxf6 51. Rb2 Rf1 52. Nf3 Bxf3 53. gxf3 Rxf3 54. Rg2 Rg3 55. Re2 Rc3 56. Re7+ Kb6 57. Rh7 Rc4 58. Rh6+ Kc7 59. Rh7+ Kd6 60. Rh6+ Ke5 61. Rh5+ Kd4 62. Rxh4+ Kc3 63. Rh6 Kxb4 64. Rxa6 Kc3 65. Rg6 b4 0-1